PILOT : (Record no. 179121)
[ view plain ]
| 000 -LEADER | |
|---|---|
| fixed length control field | 00972 a2200205 4500 |
| 003 - CONTROL NUMBER IDENTIFIER | |
| control field | Nust |
| 005 - DATE AND TIME OF LATEST TRANSACTION | |
| control field | 20230530095622.0 |
| 010 ## - LIBRARY OF CONGRESS CONTROL NUMBER | |
| LC control number | 83016053 |
| 020 ## - INTERNATIONAL STANDARD BOOK NUMBER | |
| International Standard Book Number | 0136762476 (pbk.) : |
| 040 ## - CATALOGING SOURCE | |
| Transcribing agency | Nust |
| 082 00 - DEWEY DECIMAL CLASSIFICATION NUMBER | |
| Classification number | 005.133,CON |
| 100 1# - MAIN ENTRY--PERSONAL NAME | |
| Personal name | Conlon, Tom, |
| 9 (RLIN) | 112849 |
| 245 10 - TITLE STATEMENT | |
| Title | PILOT : |
| Remainder of title | The language and how to use it including Apple PILOT and SuperPILOT / |
| Statement of responsibility, etc. | Tom Conlon. |
| 260 ## - PUBLICATION, DISTRIBUTION, ETC. | |
| Place of publication, distribution, etc. | Englewood Cliffs, N.J. : |
| Name of publisher, distributor, etc. | Prentice-Hall International, |
| Date of publication, distribution, etc. | c1984. |
| 300 ## - PHYSICAL DESCRIPTION | |
| Extent | x, 221 p. : |
| Other physical details | ill. ; |
| Dimensions | 23 cm. |
| 505 ## - FORMATTED CONTENTS NOTE | |
| Formatted contents note | Pilot Foundations (Page-1), Branching Out (Page-12), Making the Match (Pge-23), Calculations Great and Small (Page-43), A Thousand Strings (Page-59), Lesson Building Blocks (Page-73), Lesson Development (Page-93), Limits and Horizons (Page-112), An Apple Introduction (Page-121), Graphics and Sound (Page-139), Apple Files and Features (Page-166). |
| 650 #0 - SUBJECT ADDED ENTRY--TOPICAL TERM | |
| Topical term or geographic name entry element | PILOT (Computer program language) |
| 9 (RLIN) | 112850 |
| 740 0# - ADDED ENTRY--UNCONTROLLED RELATED/ANALYTICAL TITLE | |
| Uncontrolled related/analytical title | P.I.L.O.T. |
| 942 ## - ADDED ENTRY ELEMENTS (KOHA) | |
| Source of classification or shelving scheme | |
| Koha item type | Book |
| Call number prefix | 005.133,CON |
| Withdrawn status | Lost status | Source of classification or shelving scheme | Damaged status | Not for loan | Permanent Location | Current Location | Shelving location | Date acquired | Full call number | Barcode | Date last seen | Price effective from | Koha item type | Public note |
|---|---|---|---|---|---|---|---|---|---|---|---|---|---|---|
| Military College of Signals (MCS) | Military College of Signals (MCS) | General Stacks | 12/12/2016 | 005.133,CON | MCS3391 | 12/08/2016 | 12/12/2016 | Book | Almirah No.80, Shelf No.3 |
